00614nmm a2200193Ia 4500008004100000041000800041100002300049245007800072264005600150300001800206490002300224650002900247700002300276700001800299700002800317856005100345942000700396999001700403251105s9999||||xx |||||||||||||||||und|| aspa aSilvestre, María 0aEl empoderamiento de las mujeres como estrategia de intervención social a[Madrid, España] :bUniversidad de Deusto, c2014 a556 páginas aGris - Serie Maior aGender and Women Studies aSilvestre, María1 a Royo, Raquel1 a Escudero, Ester (eds.) uhttps://public.digitaliapublishing.com/a/37396 cCF c71453d71453